| 000 | 00775nam a22002057a 4500 | ||
|---|---|---|---|
| 005 | 20210912082127.0 | ||
| 008 | 210902s2014 ck a|||gr|||| 00| 0 spa d | ||
| 020 | _a9789588545868 | ||
| 040 |
_aCO-BoUCM _bspa _cDeissy Garcia _dDeissy Garcia |
||
| 041 | 0 | _aspa | |
| 100 |
_aPinzón de Lewin, Patricia _9105189 |
||
| 245 | 1 | 0 |
_aEsmeralda Arboleda _bla mujer y la política _cPatricia Pinzón de Lewin |
| 260 |
_aBogotá _bTaller de Edición-Rocca _c2014 |
||
| 300 |
_a457 páginas _bilustraciones |
||
| 504 | _aIncluye referencias bibliográficas | ||
| 600 | 1 | 0 |
_aArboleda Cadavid, Esmeralda _d1921-1997 _xVida política _9105921 |
| 650 | 7 |
_aMujeres en la política _zColombia _9105922 |
|
| 942 |
_2DEWEY _a6 _cLIBRO _e1 _h323.34 _mA666 |
||
| 999 |
_c319136 _d319136 |
||